Matematická analýza 2

Gespeichert in:
Bibliographische Detailangaben
Hauptverfasser: Neubrunn, Tibor (Verfasst von), Vencko, Jozef (Verfasst von)
Format: Buch
Sprache:Slowakisch
Veröffentlicht: Bratislava : Univerzita Komenského v Bratislave, 1991
Ausgabe:2. vyd.
Tags: Tag hinzufügen
Keine Tags, Fügen Sie das erste Tag hinzu!

MARC

LEADER 00000nam a22000003a 4500
001 stu25321
005 20150617225746.2
008 980331s1991------------------------slo-d
040 |a STU  |b slo 
041 0 |a slo 
100 1 |a Neubrunn, Tibor  |4 aut 
245 1 |a Matematická analýza 2 
250 |a 2. vyd. 
260 |a Bratislava :  |b Univerzita Komenského v Bratislave,  |c 1991 
300 |a 166 s 
700 1 |a Vencko, Jozef  |4 aut 
996 |b 284ES24049  |c E*S-34893  |l EE01  |s A  |a 24  |w stu25321_0001